| 000 | 02480nam0a2200397 4500 | ||
|---|---|---|---|
| 001 | RU\NLR\BIBL_A\012117569 | ||
| 005 | 20260407072824.0 | ||
| 010 |
_a978-5-907053-10-6 _9500 |
||
| 021 |
_aRU _b2019-69441 _9КН-П-5006 |
||
| 035 | _a(NLR Aleph) 012117569 | ||
| 035 | _a(RuMoRGB)010093997 | ||
| 090 |
_a11975817 _c11975817 |
||
| 100 | _a20191011d2018 |||y0rusy50 ca | ||
| 101 | 0 |
_arus _aeng |
|
| 102 | _aRU | ||
| 105 | _aac||zzzz000zy | ||
| 200 | 1 |
_aНовое в археологии Старой Ладоги: материалы и исследования _dAdvance in archaeology of Staraya Ladoga: materials and studies _e[коллективная монография _fЕ.Н. Носов, Н.И. Платонова, С.В. Белецкий и др. _gответственные редакторы: Н. И. Платонова, В. А. Лапшин] _gРоссийская академия наук, Институт истории материальной культуры _zeng |
|
| 210 |
_aСанкт-Петербург _cНевская книжная типография _d2018 |
||
| 215 |
_a531, [4] с. _cил., цв. ил., портр., табл. _d29 |
||
| 225 | 1 |
_aТруды ИИМК РАН _dProceedings _vт. 53 _zeng |
|
| 300 | _aАвт. указаны на обороте тит.л. | ||
| 300 | _aТекст рус., англ. | ||
| 320 | _aБиблиогр.: с. 433-470 | ||
| 510 | 1 |
_aAdvance in archaeology of Staraya Ladoga: materials and studies _zeng |
|
| 607 |
_aСтарая Ладога, древнерусский город _xАрхеологические исследования _92099138 _3RU\NLR\AUTH\661269759 |
||
| 686 | 1 | _aТ4(2)431.92С-Л | |
| 701 | 1 |
_7ca _8rus _aНосов _bЕ. Н. _cд-р ист. наук _f1949-2019 _gЕвгений Николаевич _9201831 _3RU\NLR\AUTH\770201882 |
|
| 701 | 1 |
_4340 _8rus _7ca _aПлатонова _bН. И. _cд-р ист. наук _f1956- _gНадежда Игоревна _3RU\NLR\AUTH\77104924 _987849 |
|
| 701 | 1 |
_aБелецкий _bС. В. _gСергей Васильевич |
|
| 702 | 1 |
_4340 _8rus _7ca _aПлатонова _bН. И. _cд-р ист. наук _f1956- _gНадежда Игоревна _3RU\NLR\AUTH\77104924 _987849 |
|
| 712 | 0 | 2 |
_4570 _aИнститут истории материальной культуры _cСанкт-Петербург _3RU\NLR\AUTH\882926 _9276983 |
| 942 | _cBOOK | ||
| 980 | _aNB | ||
| 980 | _aNBR | ||